| 000 | 00573nam a2200181Ia 4500 | ||
|---|---|---|---|
| 003 | GCL | ||
| 008 | 140319s9999 xx 000 0 ara d | ||
| 040 |
_aGCL / _cGCL |
||
| 082 | 0 | 4 |
_a377.1 _bص ص |
| 100 | 1 | _aصالح ذياب الهندى | |
| 245 | 1 | 0 |
_aصورة الطفولة فى التربية الاسلامية / _cصالح ذياب الهندى |
| 300 | _a139 ص | ||
| 490 |
_aكتاب _v0 |
||
| 650 | 0 | 4 | _aالتعليم الدينى |
| 650 | 0 | 4 | _aالتربية الاسلامية - طرق تدريس |
| 650 | 0 | 4 | _aتعليم الاطفال |
| 942 |
_2ddc _cBK |
||
| 999 |
_c41753 _d41753 |
||